000 00762nam a2200217Ia 4500
001 10283
003 GE_BSU
008 181216s||||||||xx |||||||||||||| ||und||
040 _cGE_BSU
080 _a821.353.1–32
100 _aსანადირაძე,გიორგი
245 _aთხზულება თავისუფალ თემაზე
245 _bმოთხრობები
245 _cრედ.რ.ართილაყვა.მხატვ.რ.სანადირაძე
260 _aბათუმი
260 _bსაბჭოთა აჭარა
260 _c1970
300 _a143გვ.16სმ.
653 _aთხზულება თავისუფალ თემაზე
942 _cBK
999 _c43552
_d43552